El silencio de la cartuja

Gardado en:
Detalles Bibliográficos
Autor Principal: Mesa, Enrique de
Formato: Libro
Idioma:Undetermined
Publicado: Madrid, España Clásica Española 1916
Materias:
Etiquetas: Engadir etiqueta
Sen Etiquetas, Sexa o primeiro en etiquetar este rexistro!

MARC

LEADER 00000nam a2200000Ia 4500
008 170316s9999 xx 000 0 und d
040 |a cru BVZT 
090 |a 862 M-38s 
100 |a Mesa, Enrique de 
245 |a El silencio de la cartuja 
260 |a Madrid, España 
260 |b Clásica Española 
260 |c 1916 
300 |a 110 páginas 
650 |a LITERATURA ESPAÑOLA 
942 |c 15 D 
999 |c 10156  |d 10156